Oxidačný metabolizmus v odontoblastoch a zubnej dreni po tetracyklíne

Bibliographic Details
Main Author: Kirner, Andrej, 1927-1999 (Author)
Format: Article
Language:Slovak
Subjects:

MARC

LEADER 00000nab a2200000 a 4500
001 vtls000148399
003 SK-MaSNL
005 20260302205928.0
008 220422c1983 xo 0 slo
015 |a SNBRB19rr/mm-uuuuu 
035 |a CL0158506 
040 |a SNKBUCL  |b slo  |c SNKBUCL  |e AACR2 
041 0 |a slo 
044 |a xo  |c SK 
080 |a 616.314.18  |2 1981 
080 |a 615.33  |2 1981 
080 |a 612.015.3  |2 1981 
100 1 |a Kirner, Andrej,  |d 1927-1999  |4 aut  |9 56126 
245 1 0 |a Oxidačný metabolizmus v odontoblastoch a zubnej dreni po tetracyklíne  |c A. Kirner 
300 |b Tb. 3. Graf. 3. Res. rus., angl., lit. 19 zázn. v slov., češ., ruš., nem., angl. 
650 0 7 |a dreň zubná  |2 snkbucl  |9 923247 
650 0 7 |a odontoblasty  |2 snkbucl  |9 932343 
655 7 |a články z novín a časopisov  |2 snkbucl  |9 267496 
773 0 |t Československá stomatologie  |g Roč. 83, č. 1 (1983), s. 56-61 
850 |a Slovenská národná knižnica v Martine  |a MTA001 
852 |a SNK  |b KIS3GCP 
958 |a NB 
958 |a RK 
958 |a ME 
992 |a RBX 
999 |c 1480121  |d 1482051